<?xml version="1.0" encoding="UTF-8"?>
<record
    xmlns:xsi="http://www.w3.org/2001/XMLSchema-instance"
    xsi:schemaLocation="http://www.loc.gov/MARC21/slim http://www.loc.gov/standards/marcxml/schema/MARC21slim.xsd"
    xmlns="http://www.loc.gov/MARC21/slim">

  <leader>02096nam a22002297a 4500</leader>
  <controlfield tag="005">20240703100533.0</controlfield>
  <controlfield tag="008">240701b           ||||| |||| 00| 0 eng d</controlfield>
  <datafield tag="020" ind1=" " ind2=" ">
    <subfield code="a">9780008694647</subfield>
  </datafield>
  <datafield tag="040" ind1=" " ind2=" ">
    <subfield code="c">AL</subfield>
  </datafield>
  <datafield tag="041" ind1=" " ind2=" ">
    <subfield code="a">English</subfield>
  </datafield>
  <datafield tag="082" ind1=" " ind2=" ">
    <subfield code="2">23</subfield>
    <subfield code="a">823.914</subfield>
    <subfield code="b">COEM</subfield>
  </datafield>
  <datafield tag="100" ind1=" " ind2=" ">
    <subfield code="a">Paulo Coelho</subfield>
    <subfield code="9">172374</subfield>
  </datafield>
  <datafield tag="245" ind1=" " ind2=" ">
    <subfield code="a">Maktub: An inspirational Companion to the Alchemist</subfield>
  </datafield>
  <datafield tag="260" ind1=" " ind2=" ">
    <subfield code="a">London</subfield>
    <subfield code="b">Harper Collins Publishers</subfield>
    <subfield code="c">2024</subfield>
  </datafield>
  <datafield tag="300" ind1=" " ind2=" ">
    <subfield code="a">205 p</subfield>
    <subfield code="b">HB</subfield>
    <subfield code="c">23x14 cm</subfield>
  </datafield>
  <datafield tag="365" ind1=" " ind2=" ">
    <subfield code="a">554</subfield>
    <subfield code="b">&#x20B9;399.00</subfield>
    <subfield code="c">&#x20B9;</subfield>
    <subfield code="d">&#x20B9;499.00</subfield>
    <subfield code="e">20%</subfield>
    <subfield code="f">01-05-2024</subfield>
  </datafield>
  <datafield tag="520" ind1=" " ind2=" ">
    <subfield code="a">An essential companion to the inspirational classic The Alchemist, filled with timeless stories of reflection and rediscovery.
From one of the greatest writers of our age comes a collection of stories and parables unlocking the mysteries of the human condition. Gathered from Paulo Coelho&#x2019;s daily column of the same name, Maktub, meaning &#x201C;it is written,&#x201D; invites seekers on a journey of faith, self-reflection, and transformation. As Paulo Coelho explains, &#x2018;Maktub is not a book of advice&#x2015;but an exchange of experiences.&#x2019;
Each story offers an illuminated path to see life and the lives of our fellow people around the world in new ways, allowing us to tap into universal truths about our collective and individual humanity. As Coelho writes, &#x2018;a man who seeks only the light, while shirking his responsibilities, will never find illumination. And one who keep his eyes fixed upon the sun . . . ends up blind.&#x2019; In these wise tales akin to Zen koans and other mysteries of the universe, there are talking snakes, old women climbing mountains, disciples querying their masters, Buddha in dialogue, mysterious hermits, and many saints.
Following the path of his previous internationally bestselling works, this thoughtful collection of short, inspirational pieces, introduced in a foreword by the author and illustrated with black-and-white line art throughout, will engage seekers of all ages and backgrounds</subfield>
  </datafield>
  <datafield tag="650" ind1=" " ind2=" ">
    <subfield code="a">Maktub means It is Written</subfield>
    <subfield code="9">172139</subfield>
  </datafield>
  <datafield tag="650" ind1=" " ind2=" ">
    <subfield code="a">Philosophy</subfield>
    <subfield code="9">172375</subfield>
  </datafield>
  <datafield tag="700" ind1=" " ind2=" ">
    <subfield code="a">COELHO (Paulo)</subfield>
    <subfield code="9">172140</subfield>
  </datafield>
  <datafield tag="942" ind1=" " ind2=" ">
    <subfield code="2">ddc</subfield>
    <subfield code="c">BK</subfield>
  </datafield>
  <datafield tag="999" ind1=" " ind2=" ">
    <subfield code="c">231344</subfield>
    <subfield code="d">231344</subfield>
  </datafield>
  <datafield tag="952" ind1=" " ind2=" ">
    <subfield code="0">0</subfield>
    <subfield code="1">0</subfield>
    <subfield code="2">ddc</subfield>
    <subfield code="4">0</subfield>
    <subfield code="7">0</subfield>
    <subfield code="8">GEN</subfield>
    <subfield code="a">AL</subfield>
    <subfield code="b">AL</subfield>
    <subfield code="d">2024-05-14</subfield>
    <subfield code="e">Biblios Book Point Surathkal Mangalore 575014</subfield>
    <subfield code="g">399.00</subfield>
    <subfield code="l">2</subfield>
    <subfield code="o">823.914 COEM</subfield>
    <subfield code="p">077193</subfield>
    <subfield code="r">2026-01-02 11:00:38</subfield>
    <subfield code="s">2025-12-18</subfield>
    <subfield code="v">499.00</subfield>
    <subfield code="w">2024-07-01</subfield>
    <subfield code="y">BK</subfield>
  </datafield>
</record>
